[Event "Karposh Open  2012"]
[Site "Skopje MKD"]
[Date "2012.04.14"]
[Round "9.29"]
[White "Ratkovic, Milovan"]
[Black "Dinev, Dejan"]
[Result "1-0"]
[WhiteElo "2183"]
[BlackElo "2373"]
[PlyCount "93"]
[EventDate "2012.04.07"]
[EventType "swiss"]
[EventRounds "9"]
[Source "lmi"]
[SourceDate "2012.04.07"]

1. d4 Nf6 2. Nf3 c5 3. d5 e6 4. c4 exd5 5. cxd5 d6 6. Nc3 g6 7. e4 Bg7 8. h3
O-O 9. Bd3 Re8 10. O-O a6 11. a4 Qc7 12. Nd2 Nbd7 13. Nc4 Ne5 14. Nxe5 Rxe5 15.
Re1 Rb8 16. Bc4 Re8 17. f4 Qa5 18. Bd2 Qb6 19. e5 Nd7 20. e6 Nf6 21. f5 gxf5
22. a5 Qc7 23. Bg5 b5 24. axb6 Rxb6 25. Qf3 fxe6 26. dxe6 Rb4 27. Nd5 Nxd5 28.
Bxd5 Bb7 29. e7+ Kh8 30. Qxf5 Bxd5 31. Qxd5 Rxb2 32. Rxa6 Qb8 33. Kh1 Rb1 34.
Qe4 Rxe1+ 35. Qxe1 Be5 36. Qf1 Kg8 37. Ra3 d5 38. Rf3 Qd6 39. Rf7 Bg7 40. Rf5
c4 41. Qf3 d4 42. Rd5 Qg6 43. Rd8 Qb1+ 44. Kh2 Be5+ 45. Bf4 Bxf4+ 46. Qxf4 Qb5
47. Qf8+ 1-0

[Event "Karposh Open  2012"]
[Site "Skopje MKD"]
[Date "2012.04.14"]
[Round "9.30"]
[White "Erturan, Yakup"]
[Black "Muratet Casadevall, Albert"]
[Result "1-0"]
[WhiteElo "2370"]
[BlackElo "2185"]
[PlyCount "51"]
[EventDate "2012.04.07"]
[EventType "swiss"]
[EventRounds "9"]
[Source "lmi"]
[SourceDate "2012.04.07"]

1. e4 Nf6 2. e5 Nd5 3. c4 Nb6 4. c5 Nd5 5. Nc3 Nxc3 6. bxc3 d6 7. cxd6 exd6 8.
exd6 Bxd6 9. Nf3 O-O 10. Be2 b6 11. O-O Bb7 12. d4 Nd7 13. Bg5 Be7 14. Be3 Nf6
15. c4 Ne4 16. Qc2 Bf6 17. Bd3 Re8 18. Rad1 Qe7 19. Rfe1 g6 20. Bc1 Bg7 21. d5
f5 22. Ng5 Qf6 23. Bxe4 fxe4 24. Ne6 Rxe6 25. dxe6 Qxe6 26. c5 1-0

[Event "Karposh Open  2012"]
[Site "Skopje MKD"]
[Date "2012.04.14"]
[Round "9.31"]
[White "Draskovic, Luka"]
[Black "Nestorovic, Nikola"]
[Result "1/2-1/2"]
[WhiteElo "2212"]
[BlackElo "2462"]
[PlyCount "43"]
[EventDate "2012.04.07"]
[EventType "swiss"]
[EventRounds "9"]
[Source "lmi"]
[SourceDate "2012.04.07"]

1. e4 c5 2. Nf3 a6 3. c3 e6 4. d4 d5 5. exd5 exd5 6. Be2 Nf6 7. O-O Be7 8. Bg5
c4 9. b3 cxb3 10. axb3 O-O 11. Ne5 Be6 12. Nd2 Nbd7 13. Bd3 Qc7 14. Nxd7 Qxd7
15. Qc2 h6 16. Bh4 Rac8 17. Nf3 Qc7 18. Rfc1 Rfe8 19. Ne5 Qb6 20. f3 Rc7 21.
Bf2 Rec8 22. c4 1/2-1/2

[Event "Karposh Open  2012"]
[Site "Skopje MKD"]
[Date "2012.04.14"]
[Round "9.32"]
[White "Andrejic, Vladica"]
[Black "Zupe, Miran"]
[Result "0-1"]
[WhiteElo "2164"]
[BlackElo "2336"]
[PlyCount "178"]
[EventDate "2012.04.07"]
[EventType "swiss"]
[EventRounds "9"]
[Source "lmi"]
[SourceDate "2012.04.07"]

1. d4 Nf6 2. c4 c5 3. d5 b5 4. cxb5 a6 5. bxa6 Bxa6 6. Nc3 g6 7. g3 d6 8. Bg2
Bg7 9. Nf3 O-O 10. O-O Nbd7 11. Rb1 Qa5 12. Bd2 Rfb8 13. Qc2 Bb7 14. b3 Qd8 15.
e4 Ba6 16. Rfd1 Ng4 17. h3 Nge5 18. Ne1 Nb6 19. a4 Nc8 20. Bf1 Bxf1 21. Kxf1
Na7 22. Kg2 Qc8 23. f4 Nd7 24. Nf3 Rb6 25. Ne2 Qa6 26. Re1 Rab8 27. Nc1 Qb7 28.
Bc3 Bxc3 29. Qxc3 c4 30. Qxc4 Rb4 31. Qc3 Rxa4 32. Nd2 Ra6 33. Nd3 Nb5 34. Qb2
Na3 35. Rbc1 Rba8 36. Re2 Qb5 37. Qd4 Nc5 38. Rc3 Rb8 39. Re1 Nc2 40. Rxc2 Nxd3
41. Re3 Nb4 42. Rc7 Ra2 43. Kf3 Nc2 44. Qc4 Qxc4 45. Rxc4 Nxe3 46. Kxe3 f6 47.
Kd3 Kf7 48. Rc3 Ra1 49. Kc4 Rd1 50. Kd3 Rg1 51. Kc2 Rg2 52. Rd3 h5 53. h4 Ke8
54. Kc3 Re2 55. Kd4 Re1 56. Kc3 Rc8+ 57. Kb2 Rd1 58. Rd4 Kd8 59. b4 Kd7 60. Kb3
Rcc1 61. b5 Rc5 62. Kb4 Kc7 63. Ka5 Kb7 64. Nb3 Rxd4 65. Nxd4 Rc3 66. Nc6 Ra3+
67. Kb4 Rxg3 68. Nxe7 Rg4 69. Ka5 Rxf4 70. Nc6 Rxe4 71. b6 Re8 72. Kb5 Ra8 73.
Ne7 Ra1 74. Nxg6 Rc1 75. Nf4 Rc5+ 76. Kb4 Kxb6 77. Nxh5 Rxd5 78. Nxf6 Rd4+ 79.
Kc3 Rxh4 80. Nd7+ Kc6 81. Nf6 Rf4 82. Nh5 Rf7 83. Kd4 d5 84. Ng3 Rf4+ 85. Ke3
Rg4 86. Ne2 Kc5 87. Kd3 Rg2 88. Nc3 Rg3+ 89. Kd2 Kc4 0-1

[Event "Karposh Open  2012"]
[Site "Skopje MKD"]
[Date "2012.04.14"]
[Round "9.33"]
[White "Stojanovic, Andjelija"]
[Black "Dorfanis, Ilarion"]
[Result "1-0"]
[WhiteElo "2324"]
[BlackElo "2183"]
[PlyCount "91"]
[EventDate "2012.04.07"]
[EventType "swiss"]
[EventRounds "9"]
[Source "lmi"]
[SourceDate "2012.04.07"]

1. Nf3 Nf6 2. g3 e6 3. Bg2 d5 4. O-O Be7 5. d3 O-O 6. Nbd2 c5 7. e4 Nc6 8. Re1
a5 9. e5 Nd7 10. Nf1 a4 11. h4 b5 12. Bf4 b4 13. N1h2 a3 14. b3 Ba6 15. Ng5 Nd4
16. Rc1 Qe8 17. Nhf3 Nb5 18. Bd2 Nc3 19. Bxc3 bxc3 20. Nh2 h6 21. Nh3 Rb8 22.
Nf4 Rb4 23. Qh5 Qd8 24. Ne2 Bxh4 25. gxh4 Rxh4 26. Qf3 Nxe5 27. Qg3 Ng6 28.
Nxc3 Kh7 29. Nf3 Rb4 30. Ne5 Ne7 31. Ne2 Nf5 32. Qh3 Rh4 33. Qf3 Qg5 34. Ng3
Rf4 35. Qh5 Nh4 36. Qxg5 hxg5 37. Nh5 Rb4 38. c3 Rb7 39. c4 g6 40. Nf6+ Kg7 41.
Nfd7 Rc8 42. cxd5 Nxg2 43. Kxg2 exd5 44. Nxc5 Rbc7 45. d4 Bb5 46. Rc3 1-0

[Event "Karposh Open  2012"]
[Site "Skopje MKD"]
[Date "2012.04.14"]
[Round "9.34"]
[White "Petkovski, Vlatko"]
[Black "Kantorik, Marian"]
[Result "1-0"]
[WhiteElo "2160"]
[BlackElo "2323"]
[PlyCount "36"]
[EventDate "2012.04.07"]
[EventType "swiss"]
[EventRounds "9"]
[Source "lmi"]
[SourceDate "2012.04.07"]

1. e4 Nf6 2. e5 Nd5 3. d4 d6 4. Nf3 dxe5 5. Nxe5 c6 6. c4 Nf6 7. Nc3 Nbd7 8.
Nf3 Nb6 9. h3 Bf5 10. Be2 h6 11. Bf4 e6 12. O-O Be7 13. Qb3 O-O 14. Bh2 Qc8 15.
a4 Nbd7 16. Rfd1 Re8 17. Rac1 a6 18. Bf1 Bf8 1-0

[Event "Karposh Open  2012"]
[Site "Skopje MKD"]
[Date "2012.04.14"]
[Round "9.35"]
[White "Krstevski, Vlatko"]
[Black "Djingarova, Emilia"]
[Result "1/2-1/2"]
[WhiteElo "2148"]
[BlackElo "2296"]
[PlyCount "67"]
[EventDate "2012.04.07"]
[EventType "swiss"]
[EventRounds "9"]
[Source "lmi"]
[SourceDate "2012.04.07"]

1. c4 e5 2. Nc3 Nc6 3. g3 g6 4. Bg2 Bg7 5. d3 Nge7 6. Nf3 O-O 7. O-O d6 8. Rb1
a5 9. a3 h6 10. Bd2 Be6 11. b4 axb4 12. axb4 d5 13. b5 Nd4 14. cxd5 Nxd5 15.
Nxd5 Bxd5 16. Nxd4 Bxg2 17. Ne6 Qc8 18. Kxg2 Qxe6 19. Qc1 h5 20. Qxc7 Qd5+ 21.
Kg1 Rfc8 22. Qe7 Rc2 23. Rfd1 Bf8 24. Qg5 Raa2 25. d4 Qe4 26. Be3 Rxe2 27. Rbc1
h4 28. gxh4 Ra3 29. Rc8 Raxe3 30. fxe3 f6 31. Rxf8+ Kxf8 32. Qxf6+ Kg8 33. Qe6+
Kh7 34. Qe7+ 1/2-1/2

[Event "Karposh Open  2012"]
[Site "Skopje MKD"]
[Date "2012.04.14"]
[Round "9.38"]
[White "Markidis, Konstantinos"]
[Black "Kacakovski, Dimitar"]
[Result "1-0"]
[WhiteElo "2284"]
[BlackElo "2128"]
[PlyCount "49"]
[EventDate "2012.04.07"]
[EventType "swiss"]
[EventRounds "9"]
[Source "lmi"]
[SourceDate "2012.04.07"]

1. e4 e5 2. Nf3 Nc6 3. Bb5 a6 4. Ba4 Nf6 5. d3 b5 6. Bb3 Be7 7. O-O O-O 8. Re1
d6 9. c3 Na5 10. Bc2 c5 11. Nbd2 Be6 12. d4 cxd4 13. cxd4 exd4 14. Nxd4 Bg4 15.
N2f3 Rc8 16. h3 Bh5 17. Bf4 d5 18. e5 Ne4 19. Bxe4 dxe4 20. Rxe4 Qd5 21. Re1
Bb4 22. Bd2 Bxd2 23. Qxd2 Nc4 24. Qg5 Bxf3 25. Nf5 1-0

[Event "Karposh Open  2012"]
[Site "Skopje MKD"]
[Date "2012.04.14"]
[Round "9.40"]
[White "Dobrotka, Martin"]
[Black "Vucko, Jozsef"]
[Result "1-0"]
[WhiteElo "2259"]
[BlackElo "2054"]
[PlyCount "65"]
[EventDate "2012.04.07"]
[EventType "swiss"]
[EventRounds "9"]
[Source "lmi"]
[SourceDate "2012.04.07"]

1. d4 d5 2. c4 c6 3. Nf3 Nf6 4. Nc3 e6 5. Bg5 Be7 6. e3 Nbd7 7. Rc1 dxc4 8.
Bxc4 Nd5 9. Bxe7 Qxe7 10. O-O Qb4 11. Qe2 O-O 12. Bd3 Re8 13. Bb1 Nf8 14. Ne4
Qe7 15. Nc5 b6 16. Nd3 Bb7 17. a3 a5 18. Nfe5 Rec8 19. f4 Nf6 20. f5 N6d7 21.
fxe6 Nxe5 22. Nxe5 f6 23. Qg4 Rc7 24. Ba2 Kh8 25. Nf7+ Kg8 26. Nh6+ Kh8 27. Nf5
Qe8 28. Nd6 Qb8 29. e7 Rxe7 30. Rxf6 Qc7 31. Nf7+ Kg8 32. Ne5+ Kh8 33. Rxf8+
1-0

[Event "Karposh Open  2012"]
[Site "Skopje MKD"]
[Date "2012.04.14"]
[Round "9.41"]
[White "Nikolovski, Nikola"]
[Black "Vukovic, Ivo"]
[Result "0-1"]
[WhiteElo "1887"]
[BlackElo "2229"]
[PlyCount "58"]
[EventDate "2012.04.07"]
[EventType "swiss"]
[EventRounds "9"]
[Source "lmi"]
[SourceDate "2012.04.07"]

1. e4 e5 2. Nf3 Nc6 3. d4 d6 4. Bc4 Be7 5. h3 Nf6 6. Nc3 O-O 7. O-O a6 8. a4
Bd7 9. Be3 h6 10. Kh2 Re8 11. Qd2 exd4 12. Nxd4 Bf8 13. f3 Ne5 14. Ba2 c5 15.
Nde2 Be6 16. Nd5 Nxd5 17. exd5 Bf5 18. f4 Nd7 19. Ng3 Bh7 20. c4 Nf6 21. Bb1
Bxb1 22. Raxb1 Ng4+ 23. hxg4 Qh4+ 24. Kg1 Qxg3 25. Rf3 Qxg4 26. Rbf1 Qf5 27.
Kh2 Re4 28. Rg1 h5 29. g3 f6 0-1

[Event "Karposh Open  2012"]
[Site "Skopje MKD"]
[Date "2012.04.14"]
[Round "9.42"]
[White "Djukic, Sandra"]
[Black "Spirliadis, Achileas"]
[Result "1-0"]
[WhiteElo "2203"]
[BlackElo "2053"]
[PlyCount "107"]
[EventDate "2012.04.07"]
[EventType "swiss"]
[EventRounds "9"]
[Source "lmi"]
[SourceDate "2012.04.07"]

1. d4 Nf6 2. Nf3 e6 3. c3 b6 4. Bf4 Bb7 5. e3 Be7 6. h3 O-O 7. Nbd2 Ne4 8. Nxe4
Bxe4 9. Bd3 f5 10. h4 Bxd3 11. Qxd3 Bf6 12. O-O-O d5 13. g4 fxg4 14. Ng5 Bxg5
15. hxg5 Rf5 16. Qe2 Nd7 17. Qxg4 Nf8 18. Rh3 Qe8 19. Rdh1 Qg6 20. Qh5 Qxh5 21.
Rxh5 Rc8 22. R1h2 Kf7 23. Kd2 Kg6 24. R5h4 c5 25. Rg4 Nd7 26. Rgh4 Rh8 27. f3
e5 28. dxe5 Nxe5 29. Bxe5 Rxe5 30. Ra4 Rhe8 31. Rxa7 Rxe3 32. Rb7 R3e6 33. Rd7
Kxg5 34. Rxg7+ Kf4 35. Rf7+ Kg3 36. Rfxh7 Kxf3 37. R7h3+ Kf4 38. Rd3 Re5 39.
Rf2+ Kg4 40. Rdf3 b5 41. Rf8 Rxf8 42. Rxf8 Rh5 43. a3 Rh2+ 44. Kc1 d4 45. cxd4
cxd4 46. Rd8 Kf3 47. Rxd4 Rh5 48. Kc2 Ke3 49. Rd8 Ke4 50. Kb3 Rh7 51. Rb8 Kd5
52. Rxb5+ Kc6 53. Rg5 Kb6 54. Rg4 1-0

[Event "Karposh Open  2012"]
[Site "Skopje MKD"]
[Date "2012.04.14"]
[Round "9.46"]
[White "Georgievski, Vanco"]
[Black "Miskoski, Misko"]
[Result "1-0"]
[WhiteElo "2273"]
[BlackElo "1965"]
[PlyCount "65"]
[EventDate "2012.04.07"]
[EventType "swiss"]
[EventRounds "9"]
[Source "lmi"]
[SourceDate "2012.04.07"]

1. d4 Nf6 2. Nf3 e6 3. Bf4 c5 4. c3 Nc6 5. e3 d5 6. Nbd2 Bd6 7. Bg3 O-O 8. Be2
b6 9. O-O Bxg3 10. hxg3 Qc7 11. Qc2 Bb7 12. Rfe1 e5 13. dxe5 Nxe5 14. Nxe5 Qxe5
15. Bf3 Rfe8 16. Rad1 c4 17. Nxc4 Qe6 18. Rd4 Rac8 19. Nd2 g5 20. Qb3 h5 21.
Rd1 g4 22. Be2 Kg7 23. Nf1 Rh8 24. Rf4 Ne4 25. Qa4 Nc5 26. Qd4+ f6 27. Bd3 Qc6
28. Bf5 Rce8 29. f3 Re5 30. b4 Na4 31. c4 dxc4 32. Bd7 Qc7 33. Bxa4 1-0

[Event "Karposh Open  2012"]
[Site "Skopje MKD"]
[Date "2012.04.14"]
[Round "9.47"]
[White "Savoglou, Nikolaos"]
[Black "Vlashki, Nino"]
[Result "1-0"]
[WhiteElo "2055"]
[BlackElo "2258"]
[PlyCount "57"]
[EventDate "2012.04.07"]
[EventType "swiss"]
[EventRounds "9"]
[Source "lmi"]
[SourceDate "2012.04.07"]

1. d4 Nf6 2. c4 g6 3. Nc3 Bg7 4. e4 O-O 5. Nf3 d6 6. h3 c6 7. Be2 a6 8. O-O b5
9. a3 Nfd7 10. Be3 bxc4 11. Bxc4 a5 12. Rc1 Ba6 13. Bxa6 Rxa6 14. b4 axb4 15.
axb4 Nb6 16. b5 cxb5 17. Nxb5 d5 18. Nc7 Ra7 19. Nxd5 Nxd5 20. exd5 Rd7 21. Rc5
Na6 22. Rc4 Rxd5 23. Qc2 Rb5 24. Rb1 Rxb1+ 25. Qxb1 Nc7 26. Qb7 Nd5 27. Bg5 Qa8
28. Qb3 Rb8 29. Ra4 1-0

[Event "Karposh Open  2012"]
[Site "Skopje MKD"]
[Date "2012.04.14"]
[Round "9.48"]
[White "Minas, Ioannis"]
[Black "Glavinac, Goran"]
[Result "1-0"]
[WhiteElo "1930"]
[BlackElo "2201"]
[PlyCount "75"]
[EventDate "2012.04.07"]
[EventType "swiss"]
[EventRounds "9"]
[Source "lmi"]
[SourceDate "2012.04.07"]

1. e4 c6 2. d4 d5 3. f3 e6 4. Nc3 Nf6 5. Qd3 b6 6. Nge2 Ba6 7. Qe3 dxe4 8. fxe4
Be7 9. Qg3 O-O 10. h4 Kh8 11. Be3 Nbd7 12. O-O-O Qc8 13. h5 h6 14. Qf3 c5 15.
g4 Nh7 16. Nf4 cxd4 17. Bxa6 Qxa6 18. Rxd4 Nc5 19. e5 Rac8 20. Nh3 Rc7 21. Rhd1
Kg8 22. Qg3 Ng5 23. Nxg5 hxg5 24. Qh2 Kh7 25. h6 g6 26. Qd2 f6 27. exf6 Bxf6
28. Rd6 Na4 29. Rd7+ Rf7 30. Rxf7+ Rxf7 31. Ne4 Bxb2+ 32. Kb1 Qc8 33. Nxg5+ Kg8
34. h7+ Kg7 35. Bd4+ e5 36. Bxb2 Nxb2 37. Nxf7 Nxd1 38. h8=Q+ 1-0

[Event "Karposh Open  2012"]
[Site "Skopje MKD"]
[Date "2012.04.14"]
[Round "9.49"]
[White "Mitkovski, Zarko"]
[Black "Markovski, Velo"]
[Result "1-0"]
[WhiteElo "2185"]
[BlackElo "2040"]
[PlyCount "105"]
[EventDate "2012.04.07"]
[EventType "swiss"]
[EventRounds "9"]
[Source "lmi"]
[SourceDate "2012.04.07"]

1. e4 d5 2. exd5 Qxd5 3. Nc3 Qa5 4. g3 Nf6 5. Bg2 c6 6. Nge2 Bg4 7. h3 Bxe2 8.
Qxe2 e6 9. O-O Bd6 10. a3 O-O 11. Rb1 Qb6 12. d3 Nbd7 13. Be3 Qc7 14. Rfe1 Nd5
15. Bd2 N7f6 16. Ne4 Be7 17. c4 Nxe4 18. dxe4 Nb6 19. e5 Rfd8 20. Ba5 Rd4 21.
Qc2 c5 22. b3 Rad8 23. Bc3 R4d7 24. Be4 g6 25. h4 Bf8 26. Rbd1 Nc8 27. Rxd7
Qxd7 28. Re2 b6 29. Rd2 Qc7 30. Qd1 Rxd2 31. Qxd2 Ne7 32. a4 Nc6 33. Bxc6 Qxc6
34. Qd8 Qe4 35. Bd2 Qxe5 36. Bh6 Qd6 37. Qa8 a5 38. Qc8 e5 39. Bxf8 Qxf8 40.
Qc7 Qa8 41. Qxb6 Qe4 42. Qxc5 Qb1+ 43. Kg2 Qxb3 44. Qb5 Qc3 45. c5 e4 46. Qe8+
Kg7 47. c6 Qf3+ 48. Kg1 Qd1+ 49. Kh2 Qd4 50. Kg2 Qd5 51. Qd7 Qd3 52. Qxd3 exd3
53. Kf3 1-0

[Event "Karposh Open  2012"]
[Site "Skopje MKD"]
[Date "2012.04.14"]
[Round "9.50"]
[White "Kukov, Tode"]
[Black "Hadzi - Manev, Ljubomir"]
[Result "0-1"]
[WhiteElo "2112"]
[BlackElo "2067"]
[PlyCount "63"]
[EventDate "2012.04.07"]
[EventType "swiss"]
[EventRounds "9"]
[Source "lmi"]
[SourceDate "2012.04.07"]

1. e4 c5 2. Nc3 e6 3. f4 Nc6 4. Nf3 Nf6 5. Bb5 Qc7 6. e5 Nd5 7. Nxd5 exd5 8.
O-O a6 9. Bxc6 dxc6 10. d3 Be7 11. c4 Bf5 12. Qe2 O-O-O 13. b3 dxc4 14. dxc4
Bd3 15. Qf2 Bxf1 16. Qxf1 Qd7 17. Be3 Qf5 18. Qf2 Rd7 19. e6 Qxe6 20. Re1 Rhd8
21. Qc2 Qg6 22. f5 Qh5 23. b4 g6 24. b5 Qxf5 25. Qa4 cxb5 26. cxb5 Qd3 27. Ne5
Qxb5 28. Qc2 Qb4 29. Rb1 Qxb1+ 30. Qxb1 Rd1+ 31. Qxd1 Rxd1+ 32. Kf2 0-1

[Event "Karposh Open  2012"]
[Site "Skopje MKD"]
[Date "2012.04.14"]
[Round "9.52"]
[White "Okilj, Tigran"]
[Black "Chan, Naruna"]
[Result "1/2-1/2"]
[WhiteElo "2083"]
[BlackElo "1835"]
[PlyCount "49"]
[EventDate "2012.04.07"]
[EventType "swiss"]
[EventRounds "9"]
[Source "lmi"]
[SourceDate "2012.04.07"]

1. d4 f5 2. c4 Nf6 3. Nf3 g6 4. g3 d6 5. Bg2 Bg7 6. O-O O-O 7. Nc3 Qe8 8. d5 a5
9. Rb1 Na6 10. Be3 Bd7 11. Qc2 c6 12. a3 Rc8 13. Bb6 cxd5 14. cxd5 Kh8 15. Nd4
Ne4 16. Bxe4 fxe4 17. Qxe4 Rc4 18. Qd3 Rc8 19. b4 axb4 20. axb4 Qf7 21. f4 Bh3
22. Rf2 e5 23. dxe6 Bxe6 24. e4 Bc4 25. Ncb5 1/2-1/2

[Event "Karposh Open  2012"]
[Site "Skopje MKD"]
[Date "2012.04.14"]
[Round "9.54"]
[White "Stosevski, Ilija"]
[Black "Georgieva, Emilia"]
[Result "0-1"]
[WhiteElo "2168"]
[BlackElo "1918"]
[PlyCount "58"]
[EventDate "2012.04.07"]
[EventType "swiss"]
[EventRounds "9"]
[Source "lmi"]
[SourceDate "2012.04.07"]

1. Nf3 c6 2. c4 d5 3. Qc2 Nf6 4. b3 g6 5. Bb2 Bg7 6. d3 Bf5 7. Nbd2 dxc4 8.
bxc4 O-O 9. Rb1 b6 10. g3 Na6 11. Bc3 Nc5 12. Nd4 Bd7 13. Bg2 Rc8 14. N2f3 Ne6
15. Nb3 c5 16. Ne5 Ba4 17. Qb2 Nd7 18. Nf3 Bc6 19. Bxg7 Nxg7 20. O-O Qc7 21.
Nbd2 e5 22. Ne4 f5 23. Nc3 Rce8 24. Nd5 Bxd5 25. cxd5 Nf6 26. a4 Kh8 27. Ng5 h6
28. Nh3 Qd6 29. e4 g5 0-1

[Event "Karposh Open  2012"]
[Site "Skopje MKD"]
[Date "2012.04.14"]
[Round "9.55"]
[White "Vladimirov, Vladimir"]
[Black "Tairi, Krenar"]
[Result "0-1"]
[WhiteElo "2162"]
[BlackElo "1804"]
[PlyCount "45"]
[EventDate "2012.04.07"]
[EventType "swiss"]
[EventRounds "9"]
[Source "lmi"]
[SourceDate "2012.04.07"]

1. Nf3 Nf6 2. g3 d5 3. Bg2 c6 4. O-O Bg4 5. d3 Nbd7 6. c4 e6 7. cxd5 exd5 8. h3
Bh5 9. g4 Bg6 10. Nh4 Bd6 11. f4 Ng8 12. Nf3 f5 13. gxf5 Bxf5 14. e4 dxe4 15.
dxe4 Bc5+ 16. Kh1 Be6 17. Nbd2 Qe7 18. f5 Bf7 19. e5 Bd5 20. Nb3 h6 21. e6 Ndf6
22. Ne5 O-O-O 23. Qc2 0-1

[Event "Karposh Open  2012"]
[Site "Skopje MKD"]
[Date "2012.04.14"]
[Round "9.59"]
[White "Bejatovic, Bojana"]
[Black "Lazov, Toni"]
[Result "0-1"]
[WhiteElo "1944"]
[BlackElo "1798"]
[PlyCount "58"]
[EventDate "2012.04.07"]
[EventType "swiss"]
[EventRounds "9"]
[Source "lmi"]
[SourceDate "2012.04.07"]

1. d4 Nf6 2. Nf3 g6 3. Bg5 Bg7 4. Nbd2 d5 5. Bxf6 Bxf6 6. e4 O-O 7. e5 Bg7 8.
Bd3 c5 9. c3 Bg4 10. h3 Bxf3 11. Nxf3 Nc6 12. O-O cxd4 13. cxd4 Qb6 14. Qa4 a6
15. Rab1 Qb4 16. Bc2 Qxa4 17. Bxa4 b5 18. Bb3 e6 19. Rbc1 Rfc8 20. Rc3 Na7 21.
Rfc1 Bh6 22. Rxc8+ Rxc8 23. Rc2 Rxc2 24. Bxc2 Bc1 25. b3 Nc6 26. Kf1 Bb2 27.
Ke2 Bxd4 28. Nxd4 Nxd4+ 29. Kd3 Nxc2 0-1

[Event "Karposh Open  2012"]
[Site "Skopje MKD"]
[Date "2012.04.14"]
[Round "9.60"]
[White "Ranic, Viktor"]
[Black "Karatrajkov, Nikola"]
[Result "1-0"]
[WhiteElo "1941"]
[BlackElo "1770"]
[PlyCount "70"]
[EventDate "2012.04.07"]
[EventType "swiss"]
[EventRounds "9"]
[Source "lmi"]
[SourceDate "2012.04.07"]

1. e4 c5 2. Nf3 Nc6 3. d4 d5 4. exd5 Qxd5 5. Nc3 Qd8 6. d5 Nb8 7. Bf4 f6 8. Bc4
a6 9. a4 b6 10. O-O h5 11. Qd3 Bg4 12. Qg6+ Kd7 13. Bxb8 Qxb8 14. h3 Qf4 15.
Qd3 Bf5 16. Qe2 g5 17. Bxa6 g4 18. Bb5+ Kd8 19. Nh4 Nh6 20. g3 Qc7 21. Bc6 Ra5
22. Nb5 Qe5 23. Qxe5 fxe5 24. Nxf5 Nxf5 25. hxg4 hxg4 26. c3 c4 27. Kg2 Nd6 28.
Nxd6 exd6 29. Rae1 Ra7 30. Re4 Rah7 31. Rxg4 Rh2+ 32. Kf3 Rh1 33. Rxh1 Rxh1 34.
Rxc4 Rb1 35. Rb4 Kc7 1-0

[Event "Karposh Open  2012"]
[Site "Skopje MKD"]
[Date "2012.04.14"]
[Round "9.61"]
[White "Jancev, Valentin"]
[Black "Franca, Veronika"]
[Result "1/2-1/2"]
[WhiteElo "1998"]
[BlackElo "1863"]
[PlyCount "39"]
[EventDate "2012.04.07"]
[EventType "swiss"]
[EventRounds "9"]
[Source "lmi"]
[SourceDate "2012.04.07"]

1. d4 Nf6 2. Nf3 e6 3. c4 d5 4. e3 Bb4+ 5. Bd2 Qe7 6. Qa4+ Nc6 7. a3 Bxd2+ 8.
Nbxd2 O-O 9. b4 Rd8 10. Be2 Nb8 11. Ne5 Nbd7 12. f4 Ne8 13. O-O f6 14. Nef3 Nd6
15. Qb3 dxc4 16. Nxc4 Nxc4 17. Bxc4 Nb6 18. Rac1 c6 19. Rfd1 Bd7 20. Bd3
1/2-1/2

[Event "Karposh Open  2012"]
[Site "Skopje MKD"]
[Date "2012.04.14"]
[Round "9.62"]
[White "Ajrula, Adnan"]
[Black "Konstantinov, Aleksandar"]
[Result "0-1"]
[WhiteElo "1984"]
[BlackElo "1748"]
[PlyCount "37"]
[EventDate "2012.04.07"]
[EventType "swiss"]
[EventRounds "9"]
[Source "lmi"]
[SourceDate "2012.04.07"]

1. d4 Nf6 2. c4 c5 3. d5 b5 4. Nc3 b4 5. Nb1 d6 6. g3 g6 7. Bg2 Bg7 8. e4 O-O
9. f4 Bg4 10. Qd3 Qa5 11. h3 Bc8 12. Nd2 Nfd7 13. Ne2 Ba6 14. O-O Qc7 15. Rb1
Bb7 16. a3 a5 17. a4 Nb6 18. b3 N8d7 19. Bb2 0-1

[Event "Karposh Open  2012"]
[Site "Skopje MKD"]
[Date "2012.04.14"]
[Round "9.63"]
[White "Cavusoglu, Yildiz"]
[Black "Mihtis, Theodoros"]
[Result "1-0"]
[WhiteElo "1971"]
[BlackElo "1746"]
[PlyCount "45"]
[EventDate "2012.04.07"]
[EventType "swiss"]
[EventRounds "9"]
[Source "lmi"]
[SourceDate "2012.04.07"]

1. d4 d5 2. Nf3 Nf6 3. Bf4 Bf5 4. e3 e6 5. c4 Nc6 6. Qa4 Bb4+ 7. Nc3 O-O 8. c5
Ne4 9. Rc1 f6 10. Bb5 e5 11. Bxc6 Bxc3+ 12. bxc3 exf4 13. Bxb7 fxe3 14. fxe3
Rb8 15. Qc6 Bc8 16. Qxd5+ Kh8 17. Qxd8 Bxb7 18. Qxc7 Ba6 19. Qa5 Bc4 20. Nd2
Nxd2 21. Kxd2 Bd5 22. Rb1 Be4 23. Rb4 1-0

[Event "Karposh Open  2012"]
[Site "Skopje MKD"]
[Date "2012.04.14"]
[Round "9.64"]
[White "Golubovic, Tomislav"]
[Black "Nikolov, Kole"]
[Result "1/2-1/2"]
[WhiteElo "1944"]
[BlackElo "1715"]
[PlyCount "32"]
[EventDate "2012.04.07"]
[EventType "swiss"]
[EventRounds "9"]
[Source "lmi"]
[SourceDate "2012.04.07"]

1. e4 d5 2. exd5 Qxd5 3. Nc3 Qa5 4. d4 Nf6 5. Nf3 Bg4 6. Bd2 c6 7. Be2 Bxf3 8.
Bxf3 Qc7 9. O-O e6 10. g3 Nbd7 11. Bf4 Bd6 12. Bxd6 Qxd6 13. Ne4 Nxe4 14. Bxe4
Nf6 15. Qf3 Nxe4 16. Qxe4 O-O 1/2-1/2

[Event "Karposh Open  2012"]
[Site "Skopje MKD"]
[Date "2012.04.14"]
[Round "9.65"]
[White "Cvetkovski, Slobodan"]
[Black "Lampsas, Georgios"]
[Result "1-0"]
[WhiteElo "1927"]
[BlackElo "1660"]
[PlyCount "87"]
[EventDate "2012.04.07"]
[EventType "swiss"]
[EventRounds "9"]
[Source "lmi"]
[SourceDate "2012.04.07"]

1. e4 d6 2. d4 Nf6 3. Nc3 g6 4. f4 c5 5. d5 Bg7 6. Nf3 a6 7. a4 Nbd7 8. a5 b5
9. axb6 Nxb6 10. Bd3 Bd7 11. Rxa6 c4 12. Rxa8 Qxa8 13. Be2 Na4 14. Qd4 Nxc3 15.
Qxc3 O-O 16. Qxc4 Qa7 17. Qd3 Ng4 18. Rf1 Rb8 19. h3 Nf6 20. b3 Qa1 21. Kf2 Qa2
22. Nd4 e5 23. fxe5 dxe5 24. Nc6 Bxc6 25. dxc6 Qa7+ 26. Be3 Qc7 27. Qc4 Rc8 28.
Bd3 Qxc6 29. Qxc6 Rxc6 30. Ra1 Bf8 31. Kf3 Kg7 32. Ra7 Ne8 33. Bb5 Rf6+ 34. Ke2
Nd6 35. Bd3 Nc8 36. Rc7 Ne7 37. Bg5 Re6 38. Bc4 h6 39. Bxe6 hxg5 40. Bd5 f5 41.
b4 Kf6 42. b5 Nxd5 43. exd5 e4 44. b6 1-0

[Event "Karposh Open  2012"]
[Site "Skopje MKD"]
[Date "2012.04.14"]
[Round "9.67"]
[White "Gjeorgjievski, Done"]
[Black "Gjorgjevski, Janco"]
[Result "1-0"]
[WhiteElo "1829"]
[BlackElo "1936"]
[PlyCount "83"]
[EventDate "2012.04.07"]
[EventType "swiss"]
[EventRounds "9"]
[Source "lmi"]
[SourceDate "2012.04.07"]

1. e4 c5 2. Nf3 Nc6 3. d4 cxd4 4. Nxd4 Nf6 5. Nc3 Qb6 6. Nb3 e6 7. Bd3 Bb4 8.
Bd2 O-O 9. O-O Rd8 10. a3 Bf8 11. Be3 Qc7 12. f4 d6 13. Qf3 e5 14. f5 Bd7 15.
Bg5 Ne7 16. Bxf6 gxf6 17. Qh5 Bg7 18. Rf3 h6 19. Rh3 b5 20. Rf1 Qb6+ 21. Kh1
Kf8 22. Rg3 Bc6 23. Rff3 d5 24. Rxg7 Kxg7 25. Rg3+ Kf8 26. Qxh6+ Ke8 27. Rg7
dxe4 28. Qxf6 Rd7 29. Qxf7+ Kd8 30. Nxe4 Bxe4 31. f6 Bxg2+ 32. Rxg2 Nc8 33.
Qg8+ Kc7 34. f7 Nd6 35. f8=Q Rxf8 36. Qxf8 e4 37. Be2 a5 38. Qf2 e3 39. Qf4 Rf7
40. Qe5 a4 41. Nd4 b4 42. Nb5+ 1-0